000 00757nam a2200229 i 4500
001 141325
003 ES-MaACL
005 20250830200041.0
007 t|
008 070921s1948 sp |||| | spa d
080 _a35(078)
100 1 _aVillar y Romero, José María.
_9115107
245 1 0 _aAuxiliares del Ministerio de Trabajo /
_cpor José María Villar y Romero... y Tomás García y García.
260 _aMadrid :
_bInstituto Ed. Reus,
_c1948.
300 _a182 p. ;
_c22 cm.
490 1 _aContestaciones Reus
610 2 4 _aCuerpo General Auxiliar de la Administración del Estado
_93347
700 1 _aGarcía y García, Tomás.
_9168602
830 0 _aContestaciones Reus
_9181923
852 _aES-MaACL
_jC-5490
999 _c141325
_d141325